• 首页
  • 本馆介绍
  • 公告通知
  • 最新文献
  • 馆藏检索
  • 电子资源
  • 读者导购
  • 参考咨询
  • 我的图书馆
  • 登录
  • 详细信息显示
  • 放入我的书架
  • 预约/预借图书
  • 作者相关作品
  • 分类相关作品
  • 丛书相关作品
  • 出版社相关作品

书目信息

  • 表格格式
  • 工作单格式
  • 卡片格式
题名:
小化工产品配方与制备
    
 
作者: 孙玉绣 , 张国刚 , 冯雪 编写
分册:  
出版信息: 北京   中国纺织出版社  2015
页数: 17, 245页
开本: 21cm
丛书名:
单 册:
中图分类: TQ062 , TQ072
科图分类:
主题词: 化工产品--hua gong chan pin--配方 , 化工产品--hua gong chan pin--制备
电子资源:
ISBN: 978-7-5180-1971-7
000 01220nam0 2200301 45
001 012001002345
005 20191121142844.42
010    @a978-7-5180-1971-7@dCNY68.00
099    @aCAL 012015166796
100    @a20151110d2015 em y0chiy0121 ea
101 0  @achi
102    @aCN@b110000
105    @aak a 000yy
106    @ar
200 1  @a小化工产品配方与制备@Axiao hua gong chan pin pei fang yu zhi bei@f孙玉绣, 张国刚, 冯雪等编写
210    @a北京@c中国纺织出版社@d2015
215    @a17, 245页@c图@d21cm
320    @a有书目 (第242-245页)
330    @a本书根据小化工厂可生产、易销售的特点, 参考近年的期刊、图书、专利等, 从数千产品中筛选了500多个化工小商品汇编成册。内容涉及日常生活及工农业领域的多种产品。在介绍每个产品时, 尽可能详细叙述配方、制造方法及产品特点, 所选产品不涉及剧毒或毒性较大的产品及破坏环境的产品。本书采用的配方可操作性强、原料来源方便、便宜、附加值高。
606 0  @a化工产品@Ahua gong chan pin@x配方
606 0  @a化工产品@Ahua gong chan pin@x制备
690    @aTQ062@v5
690    @aTQ072@v5
701  0 @a孙玉绣@Asun yu xiu@4编写
701  0 @a张国刚@Azhang guo gang@4编写
701  0 @a冯雪@Afeng xue@4编写
801  0 @aCN@b北京卓展@c20191020
905    @b1205346-9@dTQ062@e532@f4
    
    小化工产品配方与制备/孙玉绣, 张国刚, 冯雪等编写.-北京:中国纺织出版社,2015
    17, 245页:图;21cm
    
    
    ISBN 978-7-5180-1971-7:CNY68.00
    本书根据小化工厂可生产、易销售的特点, 参考近年的期刊、图书、专利等, 从数千产品中筛选了500多个化工小商品汇编成册。内容涉及日常生活及工农业领域的多种产品。在介绍每个产品时, 尽可能详细叙述配方、制造方法及产品特点, 所选产品不涉及剧毒或毒性较大的产品及破坏环境的产品。本书采用的配方可操作性强、原料来源方便、便宜、附加值高。
●
相关链接 在E读中查询图书 在五车中查询图书 在当当中查询图书 在豆瓣中查询图书


正题名:小化工产品配方与制备     索取号:TQ062/532         预约/预借

序号 登录号 条形码 馆藏地/架位号 状态 备注
1 1205346   212053463   第二样本阅览室/ [索取号:TQ062/532] 在馆    
2 1205347   212053472   第三借阅区/ [索取号:TQ062/532] 在馆    
3 1205348   212053481   第三借阅区/ [索取号:TQ062/532] 在馆    
4 1205349   212053490   第三借阅区/ [索取号:TQ062/532] 在馆    
唐山师范学院图书馆 欢迎您!
大连网信软件有限公司© 版权所有